[Event "SVK-chT2B 2324"]
[Site "Slovakia"]
[Date "2023.12.02"]
[Round "5.8"]
[White "Hajdu, Peter"]
[Black "Bona, Zoltan"]
[Result "1/2-1/2"]
[WhiteElo "1631"]
[BlackElo "1875"]
[PlyCount "55"]
[EventDate "2023.10.07"]
[EventType "team-tourn"]
[EventRounds "11"]
[EventCountry "SVK"]
[SourceTitle "EXT 2025"]
[Source "ChessBase"]
[SourceDate "2024.10.14"]
[SourceVersion "1"]
[SourceVersionDate "2024.10.14"]
[SourceQuality "1"]
[WhiteTeam "Nove Zamky"]
[BlackTeam "Batorove Kosihy"]
[WhiteTeamCountry "SVK"]
[BlackTeamCountry "SVK"]

1. d4 d5 2. Nc3 Nf6 3. Bf4 e6 4. Nb5 Na6 5. e3 c6 6. Nc3 Qa5 7. Qd2 Bb4 8. Bd3 0-0 9. Nf3 c5 10. Bd6 Re8 11. Bxc5 Nxc5 12. dxc5 Qxc5 13. 0-0 e5 14. Be2 Bd7 15. Rfd1 Rac8 16. Rab1 Qa5 17. a3 Bxc3 18. bxc3 Bc6 19. Rb3 Ne4 20. Qe1 b6 21. c4 Qxe1+ 22. Nxe1 dxc4 23. Bxc4 Ba4 24. Rb4 Bc6 25. Bd5 Red8 26. Rxe4 Bxd5 27. Rxe5 Be6 28. Rxd8+ 1/2-1/2

[Event "SVK-chT2B 2324"]
[Site "Slovakia"]
[Date "2023.10.07"]
[Round "1.7"]
[White "Mednansky, Vladimir"]
[Black "Hajdu, Peter"]
[Result "1/2-1/2"]
[WhiteElo "1649"]
[BlackElo "1455"]
[PlyCount "101"]
[EventDate "2023.10.07"]
[EventType "team-tourn"]
[EventRounds "11"]
[EventCountry "SVK"]
[SourceTitle "EXT 2025"]
[Source "ChessBase"]
[SourceDate "2024.10.14"]
[SourceVersion "1"]
[SourceVersionDate "2024.10.14"]
[SourceQuality "1"]
[WhiteTeam "Prievidza II"]
[BlackTeam "Nove Zamky"]
[WhiteTeamCountry "SVK"]
[BlackTeamCountry "SVK"]

1. e4 c5 2. Nf3 d6 3. c3 Nf6 4. Be2 Bd7 5. e5 dxe5 6. Nxe5 Nc6 7. Nxd7 Qxd7 8. Bf3 Ne5 9. 0-0 g6 10. Qe2 Nd3 11. Na3 Rd8 12. Rd1 Bg7 13. Nc4 Qc7 14. g3 h5 15. h4 b5 16. Ne3 c4 17. Nc2 Nd7 18. Ne1 N7e5 19. Be4 f5 20. Bxd3 Nxd3 21. Ng2 0-0 22. f4 e5 23. Rf1 Rde8 24. Qf3 Kh7 25. Ne1 Rd8 26. Ng2 Rde8 27. b3 exf4 28. Nxf4 Nxf4 29. gxf4 Rd8 30. d4 cxd3 31. Bd2 Bxc3 32. Rac1 Qb6+ 33. Be3 Bd4 34. Bxd4 Qxd4+ 35. Kh1 Qe4 36. Rcd1 Rfe8 37. Kg2 Kg7 38. Rf2 Kf6 39. Rfd2 Qxf3+ 40. Kxf3 Re2 41. Rxe2 dxe2 42. Kxe2 Rxd1 43. Kxd1 Ke6 44. Kd2 Kd5 45. Ke3 Kc5 46. a3 a6 47. Kd3 a5 48. Kc3 Kc6 49. b4 a4 50. Kd2 Kd6 51. Ke3 1/2-1/2